000 01648nam a2200505 i 4500
001 55800
003 KOSZ 005
005 20211210144146.0
008 071130s2007 pl a f |000 0 pol
015 _aUWD 2008/1687
020 _a9788360233221
035 _a991038684779705066
035 _a(PL-WaBN)b20355348-48omnis_nlop
035 _ab20355348
035 _a(OCoLC)749831985
035 _azz2007814466
035 _a(PL)b0000002035534
035 _a(EXLNZ-48OMNIS_NETWORK)9910172285605606
040 _aWA N
_cWA N
_dKOSZ 005/HR
046 _k2007
080 _a004.31
080 _a:621.3.049.77
080 _a004.43
080 _a(07)
100 1 _aBryndza, Lucjan
_eAutor
245 1 0 _aLPC2000 :
_bmikrokontrolery z rdzeniem ARM7 /
_cLucjan Bryndza.
260 _aWarszawa ;
_bLegionowo :
_bWydawnictwo BTC,
_c2007.
300 _a216 s. :
_bil. ;
_c25 cm.
336 _aTekst
_btxt
_2rdacontent
337 _aBez urządzenia pośredniczącego
_bn
_2rdamedia
338 _aWolumin
_bnc
_2rdacarrier
380 _aKsiążki
380 _aPublikacje fachowe
388 _a2001-
500 _aNa okł. podtyt.: budowa i działanie rdzenia, układy peryferyjne, oprogramowanie, narzędzia.
504 _aBibliogr. s. 216.
650 7 _aC (język programowania)
_2DBN
650 7 _aMikrokontrolery
_2DBN
650 7 _aARM (mikrokontroler)
655 7 _aPodręcznik
_2DBN
658 _aInformatyka i technologie informacyjne
856 _uhttp://koha.tu.koszalin.pl/cgi-bin/koha/opac-detail.pl?biblionumber=55800
_yKatalog online BPK
942 _2UKD
_cKS
999 _c55800
_d55800